| 000 | 00879nam a2200265Ia 4500 | ||
|---|---|---|---|
| 003 | OSt | ||
| 005 | 20221005105547.0 | ||
| 006 | a|||||r|||| 00| 0 | ||
| 007 | ta | ||
| 008 | 221004b |||||||| |||| 00| 0 hin d | ||
| 024 | _a32165 | ||
| 037 | _cTextual | ||
| 040 |
_aCRL _cCRL _bhin |
||
| 041 |
_2hin _ahin |
||
| 082 | _aO152,3x, N1 | ||
| 100 | _aमिश्र, रामदरश, संपा. | ||
| 245 | 0 | _aकथाक्रम | |
| 246 | _aKathākrama | ||
| 250 | _aप्रथम संस्करण | ||
| 260 |
_aनई दिल्ली _bराधाकृष्ण प्रकाशन प्रा. लि. भारत _c1991 |
||
| 300 |
_a129पृ. _ccm. |
||
| 650 | _aहिन्दी कहानी | ||
| 942 |
_hO152,3x, N1 _cTEXL _2cc |
||
| 999 |
_c1016169 _d1016169 |
||